• 首页
  • 本馆介绍
  • 公告通知
  • 最新文献
  • 馆藏检索
  • 电子资源
  • 读者导购
  • 参考咨询
  • 我的图书馆
  • 登录
  • 详细信息显示
  • 放入我的书架
  • 预约/预借图书
  • 作者相关作品
  • 分类相关作品
  • 丛书相关作品
  • 出版社相关作品

书目信息

  • 表格格式
  • 工作单格式
  • 卡片格式
题名:
问天之路
    
 
作者: 周开迅 , 何琦 主编 ;中国人民政治协商会议 , 贵州省遵义市气象局 , 贵州省湄潭县气象局 编
分册:  
出版信息: 北京   气象出版社  2017.12
页数: 258页
开本: 26cm
丛书名:
单 册:
中图分类: P468.2
科图分类:
主题词: 气象--工作概况--中国
电子资源:
ISBN: 978-7-5029-6403-0
000 01589nam0 2200289 450
001 4876
005 20181013143335.68
010    @a978-7-5029-6403-0@dCNY50.00
100    @a20180612d2017 em y0chiy50 ea
101 0  @achi
102    @aCN@b110000
105    @aa z 000yy
200 1  @a问天之路@9wen tian zhi lu@e中国气象史从遵义、湄潭走过@f中国人民政治协商会议湄潭县委员会,贵州省遵义市气象局,贵州省湄潭县气象局编
210    @a北京@c气象出版社@d2017.12
215    @a258页@c图,照片@d26cm
314    @a主编:周开迅、何琦
330    @a本书首先以简要介绍从先秦至今的气象历史为引子,然后以中国近代气象研究的发祥地南京北极阁和新中国人民气象事业的发祥地延安清凉山,以及中国近现代气象事业奠基人竺可桢生平事迹为开端,再以贵州气象事业起源,云贵小江南贵州湄潭,武汉头等测候所的建立与西迁,浙大史地系与遵义测候所,武汉头等测候所在湄潭,以及曾经在遵义、湄潭工作、学习和生活过的著名气象学家和老气象学家及其子女与遵义、湄潭的历史情缘为重点,讲述了抗日战争时期武汉头等测候所西迁湄潭的相关故事与精神。最后对新中国成立后湄潭气象事业的发展历程进行了概要叙述。
517 1  @a中国气象史从遵义、湄潭走过@9zhong guo qi xiang shi cong zun yi、mei tan zou guo
606 0  @a气象@x工作概况@y中国
690    @aP468.2@v5
701  0 @a周开迅@9zhou kai xun@4主编
701  0 @a何琦@9he qi@4主编
712 02 @a中国人民政治协商会议@9zhong guo ren min zheng zhi xie shang hui yi@b湄潭县委员会@4编
712 02 @a贵州省遵义市气象局@9gui zhou sheng zun yi shi qi xiang ju@4编
712 02 @a贵州省湄潭县气象局@9gui zhou sheng mei tan xian qi xiang ju@4编
801  0 @aCN@b91MARC@c20180612
905    @aMuseLib@dP468.2@e129
    
    问天之路:中国气象史从遵义、湄潭走过/中国人民政治协商会议湄潭县委员会,贵州省遵义市气象局,贵州省湄潭县气象局编.-北京:气象出版社,2017.12
    258页:图,照片;26cm
    
    
    ISBN 978-7-5029-6403-0:CNY50.00
    本书首先以简要介绍从先秦至今的气象历史为引子,然后以中国近代气象研究的发祥地南京北极阁和新中国人民气象事业的发祥地延安清凉山,以及中国近现代气象事业奠基人竺可桢生平事迹为开端,再以贵州气象事业起源,云贵小江南贵州湄潭,武汉头等测候所的建立与西迁,浙大史地系与遵义测候所,武汉头等测候所在湄潭,以及曾经在遵义、湄潭工作、学习和生活过的著名气象学家和老气象学家及其子女与遵义、湄潭的历史情缘为重点,讲述了抗日战争时期武汉头等测候所西迁湄潭的相关故事与精神。最后对新中国成立后湄潭气象事业的发展历程进行了概要叙述。
●
相关链接 在E读中查询图书 在五车中查询图书 在当当中查询图书 在豆瓣中查询图书


正题名:问天之路     索取号:P468.2/129         预约/预借

序号 登录号 条形码 馆藏地/架位号 状态 备注
1 1127032   211270328   第二样本阅览室/ [索取号:P468.2/129] 在馆    
2 1127033   211270337   第三借阅区/ [索取号:P468.2/129] 在馆    
3 1127034   211270346   密集书库-资源管理系/ [索取号:P468.2/129] 在馆    
4 1127035   211270355   第三借阅区/ [索取号:P468.2/129] 在馆    
5 1127036   211270364   第三借阅区/ [索取号:P468.2/129] 在馆    
唐山师范学院图书馆 欢迎您!
大连网信软件有限公司© 版权所有